Score 0/22 Timer 02:00
0 Plays Today
Clue 4-Letter Word % Correct
Touch with the tongueLICK
91.8%
Actor's partROLE
91.5%
Ear partLOBE
91.4%
Graduation garmentROBE
90.4%
Crazy, in MexicoLOCO
90.2%
Fasten securelyLOCK
89.2%
LocateFIND
88.4%
Sausage servingLINK
84.4%
Luxurious furMINK
83.8%
🍎 Apple originating in New Zealand 🍎
or fancy fundraiser
GALA
82.5%
High windGALE
82.5%
Clue 4-Letter Word % Correct
Pay attention toMIND
81.2%
🍎 Apple originating in Canada 🍎
or gray wolf
LOBO
79.9%
Island nation in the South Pacific OceanFIJI
79.1%
Done with, in FranceFINI
78.3%
Unhealthy chest soundRALE
77.8%
Stare fixedlyGAZE
77.3%
🍎 Apple originating in Japan 🍎
or Japanese volcano
FUJI
74.3%
___ StripGAZA
74.3%
Demolish a buildingRAZE
69.4%
🍎 Apple originating in New Zealand 🍎
or improvised music genre
JAZZ
56.4%
Tease playfullyRAZZ
52.6%

Today's Daily Dose

Remove Ads.
Support Sporcle.
Get the best of Sporcle when you Go Orange. This ad-free experience offers more features, more stats, and more fun while also helping to support Sporcle. Thank you for becoming a member.

You're not logged in!

Compare scores with friends on all Sporcle quizzes.
OR
Log In

Show Comments

Extras

Top Quizzes Today


Score Distribution

Your Account Isn't Verified!

In order to create a playlist on Sporcle, you need to verify the email address you used during registration. Go to your Sporcle Settings to finish the process.

Report this User

Report this user for behavior that violates our Community Guidelines.

Details: